000 00470nam a2200193 a 4500
001 1768117516116
003 YourLibrary
005 20260112125815.0
008 260111s1998##################000#0#eng##
020 _a9780748610679
082 0 4 _a302.23
_bCOR
100 1 _aCorner, John,
_eauthor.
245 1 0 _aStudying Media :
260 _c1998.
300 _a196 pages
650 0 _aPerforming Arts.
942 _cENGLISH
040 _aYourLibrary
_beng
_cYourLibrary
999 _c608302
_d608302